|
|
|
|
| LEADER |
02765njm a2200853 a 4500 |
| 001 |
000337380 |
| 003 |
CZ BrMZK |
| 005 |
19980105143423.0 |
| 008 |
980105s1997 xr f cze d |
| 028 |
0 |
3 |
|a 557 508-2
|b PolyGram
|
| 040 |
|
|
|a BOA001
|b cze
|
| 080 |
|
|
|a 784.4(086.7)
|2 MRF
|
| 100 |
1 |
|
|a Vondráčková, Helena,
|d 1947-
|7 jn19990210804
|4 prf
|
| 245 |
1 |
0 |
|a Helena Vondráčková v Lucerně 1
|h [zvukový záznam] /
|c Helena Vondráčková.
|
| 246 |
3 |
3 |
|a Kam zmizel ten starý song
|
| 246 |
3 |
3 |
|a Knížka snů
|
| 246 |
3 |
3 |
|a Láska zůstává dál
|
| 246 |
3 |
3 |
|a Lásko má já stůňu
|
| 246 |
3 |
3 |
|a Malovaný džbánku...
|
| 246 |
3 |
3 |
|a Miláčku
|
| 246 |
3 |
3 |
|a My milujem jazz band
|
| 246 |
3 |
3 |
|a Málem
|
| 246 |
3 |
3 |
|a Málo mám lásky tvé
|
| 246 |
3 |
3 |
|a Mám přání
|
| 246 |
3 |
3 |
|a Mám ráda cestu lesní
|
| 246 |
3 |
3 |
|a Měsíc nad Vermontem
|
| 246 |
3 |
3 |
|a Můj princ
|
| 246 |
3 |
3 |
|a Můžeš zůstat, můžeš jít
|
| 246 |
3 |
3 |
|a Nač vlastně v půli vzdávat mač
|
| 246 |
3 |
3 |
|a New York, New York
|
| 246 |
3 |
3 |
|a Ostrovy pokladů
|
| 246 |
3 |
3 |
|a Parlez moi d'amour...
|
| 246 |
3 |
3 |
|a Proč mně nikdo nemá rád
|
| 246 |
3 |
3 |
|a Pátá
|
| 246 |
3 |
3 |
|a Přejdi Jordán
|
| 246 |
3 |
3 |
|a Roň slzy
|
| 246 |
3 |
3 |
|a Růže kvetou dál
|
| 246 |
3 |
3 |
|a Sblížení
|
| 246 |
3 |
3 |
|a Sonatina C dur, op. 36
|
| 246 |
3 |
3 |
|a Světla ramp
|
| 246 |
3 |
3 |
|a Ten koho ráda mám
|
| 246 |
3 |
3 |
|a Tichý kout
|
| 246 |
3 |
3 |
|a To bude náramný
|
| 246 |
3 |
3 |
|a To se zvládne
|
| 246 |
3 |
3 |
|a Vzdálený hlas
|
| 246 |
3 |
3 |
|a Vzpomínky
|
| 246 |
3 |
3 |
|a Žárlivá žena
|
| 246 |
3 |
3 |
|a Čas je proti nám
|
| 246 |
3 |
|
|a Červená řeka
|
| 246 |
1 |
3 |
|a Helena v Lucerně
|
| 246 |
3 |
3 |
|a A ty se ptáš co já
|
| 246 |
3 |
3 |
|a Archiméde
|
| 246 |
3 |
3 |
|a Chytila jsem na pasece motýlka
|
| 246 |
3 |
3 |
|a Dvě malá křídla tu nejsou
|
| 246 |
3 |
3 |
|a Fanfán
|
| 246 |
3 |
3 |
|a Horoskop
|
| 246 |
3 |
3 |
|a Je krásné mlčet
|
| 246 |
3 |
3 |
|a Jen se s písničkou smát
|
| 246 |
3 |
3 |
|a Jsi věčně tak sám a sám
|
| 260 |
|
|
|a Praha :
|b PolyGram,
|c p1997
|
| 300 |
|
|
|a 1 CD ;
|c 12 cm +
|e 1 brožura [8 s.].
|
| 490 |
1 |
|
|a Největší hity ;
|v 1
|
| 500 |
|
|
|a Durata neuv
|
| 500 |
|
|
|a Nahr. 1997
|
| 505 |
2 |
|
|a Nač vlastně v půli vzdávat mač, Červená řeka, Měsíc nad Vermontem...[et al.]
|
| 511 |
0 |
|
|a Jiří Korn, zpěv. Boom Band Jiřího Dvořáka
|
| 653 |
0 |
|
|a populární hudba
|a populární písně
|
| 700 |
1 |
|
|a Korn, Jiří,
|d 1949-
|7 jn19990209388
|4 prf
|
| 710 |
2 |
|
|a Boom Band Jiřího Dvořáka
|7 ko2002149448
|
| 830 |
|
0 |
|a Největší hity
|
| 910 |
|
|
|a BOA001
|b CD-0006.220
|
| 964 |
|
|
|a Hudba populární
|z stol.20.,léta 90.
|x CD
|
| 990 |
|
|
|a AV
|
| 996 |
6 |
|
|b 261H006572
|c CD-0006.220
|l MZK
|r Sklad / do 24 hodin
|n 0
|p p.v.
|w 000337380
|u 000010
|a 1
|e BOA001
|j MZK50
|s P
|